Hey Jude - THE BEATLES - Statistics

General Stats
  • This quiz has been taken 835 times
  • The average score is 274 of 390
Answer Stats
% Correct
Hey
100%
hey
100%
Jude
100%
a
99%
and
98%
And
98%
be
98%
do
98%
don't
98%
Don't
98%
it
98%
better
97%
Better
97%
make
97%
So
97%
sad
96%
song
96%
you
96%
You
96%
to
95%
let
94%
your
94%
bad
93%
in
93%
Take
92%
her
91%
The
91%
the
91%
Remember
90%
heart
89%
into
89%
afraid
85%
can
85%
Then
85%
go
84%
start
83%
get
82%
out
78%
begin
76%
skin
76%
under
73%
minute
71%
made
69%
shoulder
69%
were
68%
world
67%
carry
63%
know
63%
upon
62%
me
61%
that
60%
down
59%
its
59%
it's
59%
refrain
57%
feel
56%
fool
56%
have
56%
on
56%
shoulders
56%
who
54%
cool
53%
pain
53%
Nah
50%
nah
50%
now
50%
anytime
48%
plays
48%
found
47%
just
47%
colder
46%
For
46%
for
46%
little
46%
is
44%
you'll
44%
By
42%
making
42%
well
37%
his
36%
need
36%
You're
36%
oh
33%
someone
33%
with
32%
perform
30%
yeah
30%
movement
29%
waiting
29%
No matching quizzes found
Score Distribution
Percent of People with Each Score
Percentile by Number Answered
Your Score History
You have not taken this quiz